000 00400nam a2200157Ia 4500
008 230917s9999||||xx |||||||||||||| ||und||
040 _e114014
_aMAIN
041 _aEnglish
082 _a658.3 M489S
100 _aMelo, Jeffeey A.
245 0 _aStrategie human resource management
250 _a2nd Ed. ed.
260 _aHaryana
_bBaba Barkha Nath
_c2007
300 _axxii,694p p.
942 _cBK
999 _c139548
_d139548